Management : Some cultural perspectives. Unit 13 (Record no. 1374174)
[ view plain ]
| 000 -LEADER | |
|---|---|
| fixed length control field | 00648nam a2200205Ia 4500 |
| 005 - DATE AND TIME OF LATEST TRANSACTION | |
| control field | 20250508162051.0 |
| 008 - FIXED-LENGTH DATA ELEMENTS--GENERAL INFORMATION | |
| fixed length control field | 008 250505s9999 xx 000 0 eng d |
| 020 ## - INTERNATIONAL STANDARD BOOK NUMBER | |
| International Standard Book Number | 0-335-06614-3 |
| 037 ## - SOURCE OF ACQUISITION | |
| Stock number | Textual |
| 040 ## - CATALOGING SOURCE | |
| Original cataloging agency | FEDL |
| Language of cataloging | eng |
| Transcribing agency | FEDL |
| 041 ## - LANGUAGE CODE | |
| Language code of text/sound track or separate title | eng |
| Source of code | eng |
| 084 ## - COLON CLASSIFICATION NUMBER | |
| Classification number | 370.192, OPE |
| Assigning agency | FEDL |
| 245 #0 - TITLE STATEMENT | |
| Title | Management : Some cultural perspectives. Unit 13 |
| 260 ## - PUBLICATION, DISTRIBUTION, ETC. | |
| Place of publication, distribution, etc. | Keynes |
| Name of publisher, distributor, etc. | The Open University Press |
| Date of publication, distribution, etc. | 1976 |
| 300 ## - PHYSICAL DESCRIPTION | |
| Extent | 66p. |
| 546 ## - LANGUAGE NOTE | |
| Language note | The open university educational studies : A third level course E321 management in education |
| 650 ## - SUBJECT ADDED ENTRY--TOPICAL TERM | |
| Topical term or geographic name entry element | Education |
| 942 ## - ADDED ENTRY ELEMENTS (KOHA) | |
| Koha item type | Textual |
| Classification part | 370.192, OPE |
| Withdrawn status | Lost status | Damaged status | Not for loan | Home library | Current library | Date acquired | Total Checkouts | Full call number | Barcode | Date last seen | Price effective from | Koha item type |
|---|---|---|---|---|---|---|---|---|---|---|---|---|
| Department of Education Library | Department of Education Library | 2025-05-08 | 370.192, OPE | EL0064176 | 2025-05-08 | 2025-05-08 | Textual |
